| 000 | 00384nam a2200121Ia 4500 | ||
|---|---|---|---|
| 008 | 240126s9999 xx 000 0 und d | ||
| 041 | _aEnglish | ||
| 245 | 0 | _aBloomberg Business Week (Apr, 2010 - ) Formerly : Business Week, The | |
| 260 |
_bMacgraw-hill _aNew York |
||
| 440 | _aNULL | ||
| 650 | _aBloomberg,Business,(Apr,,2010,-, , , Formerl, , Busines, Week, The | ||
| 942 | _cJN | ||
| 999 |
_c264019 _d264019 |
||